000 00665nam a2200241Ia 4500
003 OSt
005 20220918173950.0
006 a|||||r|||| 00| 0
007 ta
008 220917b |||||||| |||| 00| 0 eng d
024 _a9,531
037 _cTextual
040 _aARTS
_cARTS
_beng
041 _2eng
_aeng
082 _a26:81, N2 (2D)
100 _aSridhar M S.
_948619
245 0 _aProblems of collection development in special libraries
260 _aNew Delhi
_bConcept Pub
_c1992
300 _a192p Bibliography
_ccm.
650 _aLIBRARY SCIENCE
942 _h26:81, N2 (2D)
_cTEXL
_2CC
999 _c151171
_d151171